Culture Générale - Série 629 - Statistiques

Statistiques générales
  • Ce quiz a été pris 627 fois
  • Le résultat moyen est 7 sur 10
Statistiques - réponses
Question Réponse % Correct
Dans quel pays peut-on visiter le Taj Mahal ? Inde
98%
Quelle ville de Belgique désigne également le matériau léger avec lequel on fabrique les bouchons ? Liège
97%
Humanoïde légendaire de l'Himalaya, le Yéti est surnommé "L'abominable homme des... neiges
96%
De quel pays est originaire la "raclette", plat à base de fromage fondu ? Suisse
96%
Au billard, comment s'appelle le bâton utilisé pour pousser les boules ? queue
79%
Quel liquide peut être blanc, de vin ou de Xérès ? vinaigre
77%
Quel est le pays d'origine des Chrétiens appelés : Coptes ? Égypte
50%
Selon le titre d'un tube d'MC Solaar : "Qui sème le vent récolte le... tempo
34%
Comment appelle-t-on les habitants de la ville de Vannes ? Vannetais
26%
Dans quel pays le mouvement armé "Sentier lumineux" a-t-il semé la terreur dans les années 80-90 ? Pérou
21%
Aucun quiz correspondant
Distribution des résultats
% des personnes avec chaque résultat
Percentile par nombre de réponses
Votre historique - résultats
Vous n’avez pas pris ce quiz